00913cam a2200253 a 450000100040000000500170000400800410002102000150006204000230007705000230010008200140012310000180013724500690015526000520022430000490027650500080032552001660033352100200049952100200051965000390053965000170057865000220059570000420061776620230706145926.0000626s2000 nyu c 000 1 eng  a0689839871 aDLCcDLCdDLCbeng00aPZ7.H4364bSt 200000a[Fic]2211 aHesse, Karen.10aStowaway /cKaren Hesse ; with drawings by Robert Andrew Parker. aNew York :bMargaret K. McElderry Books,c2000. a319 pages.5 unnumbered pages, maps ;c24 cm. aS  aA fictionalized journal relates the experiences of a young stowaway from 1768 to 1771 aboard the Endeavor which sailed around the world under Captain James Cook. a790 bLexile  aS bRaz-Plus  1aVoyages around the worldvFiction. 1aSea stories. 1aDiariesvFiction.1 aParker, Robert Andrew,eilustrations.